Statystyki dla Miasta świata A-Z #1

Kliknij tutaj aby rozwiązać quiz!

Ogólne statystyki

  • Ten quiz został rozwiązany 4 128 razy
    (4 124 od ostatniego zresetowania)
  • Średni wynik to 11 z 26

Statystyki odpowiedzi

Podpowiedź:Miasto% Poprawnych
GPolskie miasto, które kiedyś nazywało się Danzig.Gdańsk
83%
EJest stolicą Szkocji.Edynburg
82%
NNa to miasta została zrzucona druga bomba atomowa.Nagasaki
81%
OJest największym ukraińskim miastem nad Morzem Czarnym.Odessa
69%
ZJest największym miastem Szwajcarii.Zurych
67%
SMa słynną operę.Sydney
63%
AW starożytnych czasach było znane za jego bibliotekę.Aleksandria
62%
BJest znane jako Paryż Ameryki Południowej.Buenos Aires
59%
FJest największym miastem Toskanii.Florencja
59%
UJego nazwa w języku mongolskim oznacza "czerwony bohater".Ułan Bator
58%
PJest administracyjną stolicą RPA.Pretoria
51%
RMa największy port w Europie.Rotterdam
51%
QJest stolicą Ekwadoru.Quito
48%
TGościło Zimowe Igrzyska Olimpijskie 2006.Turyn
35%
MŻył tutaj Pablo Escobar.Medellín
33%
JKopuła na Skale znajduje się w tym mieście.Jerozolima
32%
DMieszkał tam James Joyce.Dublin
28%
INa swoim owalnym torze gości legendarny wyścig ____________ 500.Indianapolis
24%
XJest jedną z 4 stolic starożytnych Chin.Xi'an
23%
HPoprzednio nazywało się Sajgon.Ho Chi Minh
21%
LEgipskie miasto, w którym znajdują się spektakularne starożytne zabytki.Luksor
18%
WDrużyna ________ Jets grająca w NHL została założona w tym mieście.Winnipeg
10%
KJest trzecim największym miastem Afganistanu.Kandahar
9%
VMieści się tam siedziba parlamentu Chile.Valparaíso
7%
CCo roku gości festiwal _______ Stampede.Calgary
6%
YLeży w stanie Waszyngton, nad rzeką o tej samej nazwie.Yakima
5%

Rozkład punktacji

Percentyl według liczby udzielonych odpowiedzi

Procent ludzi z każdym wynikiem

Twoja historia wyników

Nie rozwiązałeś tego quizu od ostatniego zresetowania